| 000 | 00604nam a2200217Ia 4500 | ||
|---|---|---|---|
| 008 | 180523s9999 xx 000 0 und d | ||
| 020 | _a0-7619-7385-0 | ||
| 050 | _aMAIN HA 32 | ||
| 050 | _b.K47 2002 | ||
| 100 | _aKerr, Alistair W. | ||
| 245 | 0 | _aDoing statistics with SPSS / | |
| 245 | 0 | _cAlistair W. Kerr, Howard K. Hall, Stephen A. Kozub. | |
| 260 | _aLondon : | ||
| 260 | _bSage Pub., | ||
| 260 | _c2002 | ||
| 300 | _a238 pages : | ||
| 300 | _billustrations ; | ||
| 300 | _c24 cm. | ||
| 500 | _aIncludes index. | ||
| 650 | _aSocial sciences -- Statistical method -- Computer programs. | ||
| 999 |
_c356749 _d356749 |
||